भारत की लोक कथाएं / (Record no. 118790)

MARC details
000 -LEADER
fixed length control field 01002nam a22002537a 4500
005 - DATE AND TIME OF LATEST TRANSACTION
control field 20170124103121.0
010 ## - LIBRARY OF CONGRESS CONTROL NUMBER
LC control number B-241373
020 ## - INTERNATIONAL STANDARD BOOK NUMBER
Terms of availability 150.00
International Standard Book Number 8174630007
035 ## - SYSTEM CONTROL NUMBER
System control number B-241373
037 ## - SOURCE OF ACQUISITION
Source of stock number/acquisition Cen Lib/Ret
040 ## - CATALOGING SOURCE
Original cataloging agency DPL
Language of cataloging HN
082 ## - DEWEY DECIMAL CLASSIFICATION NUMBER
Classification number 398.25
Item number राखीगो
100 ## - MAIN ENTRY--PERSONAL NAME
Personal name राखी गोपाल
9 (RLIN) 81919
245 ## - TITLE STATEMENT
Title भारत की लोक कथाएं /
Statement of responsibility, etc राखी गोपाल
246 ## - VARYING FORM OF TITLE
Title proper/short title Bharat ki lok kathayen /
Remainder of title by Rakhi Gopal
260 ## - PUBLICATION, DISTRIBUTION, ETC. (IMPRINT)
Place of publication, distribution, etc दिल्ली
Name of publisher, distributor, etc पाण्डुलिपि प्रकाशन
Date of publication, distribution, etc 2007
270 ## - ADDRESS
City दिल्ली
Address 77/1, ईस्ट आजाद नगर
Postal code 110051
300 ## - PHYSICAL DESCRIPTION
Extent 135पृ.
Dimensions 20सेमी(सजिल्द )
650 ## - SUBJECT ADDED ENTRY--TOPICAL TERM
Topical term or geographic name as entry element लोकगीत - भारत
General subdivision
Geographic subdivision
9 (RLIN) 81920
650 ## - SUBJECT ADDED ENTRY--TOPICAL TERM
Topical term or geographic name as entry element कहानियों - भारत
9 (RLIN) 81921
650 ## - SUBJECT ADDED ENTRY--TOPICAL TERM
Topical term or geographic name as entry element Folklore -- India
9 (RLIN) 81922
650 ## - SUBJECT ADDED ENTRY--TOPICAL TERM
Topical term or geographic name as entry element Tales -- India
9 (RLIN) 32000
942 ## - ADDED ENTRY ELEMENTS (KOHA)
Source of classification or shelving scheme Dewey Decimal Classification
Koha item type Hindi Books
Classification part 398.25
Call number suffix राखीगो
Holdings
Withdrawn status Lost status Damaged status Not for loan Home library Current library Date acquired Source of acquisition Cost, normal purchase price Total Checkouts Full call number Barcode Date last seen Date checked out Copy number Cost, replacement price Price effective from Koha item type
        Central Library Central Library 14/09/2015 Cen Lib/Ref 150.00 3 398.25 राखीगो B-241373 03/11/2017 31/10/2017 1 150.00 14/09/2015 Hindi Books

© Delhi Public Library
Hit Counter
free hit counter